01287nam a2200325Ia 4500001001200000003000800012006001900020007001500039008004100054020001800095020002600113040002100139035002100160050002300181100001900204245012700223260006000350300001800410440003500428504004100463533015200504650003500656650002900691655002900720700001900749710003300768710001700801856012600818999001700944ebr10635354CaPaEBRm u cr cn|||||||||121231s2012 dcua sb 000 0 eng d z9781475549003 z9781475560664 (ebook) aCaPaEBRcCaPaEBR a(OCoLC)81602564314aHD923b.A38 2012eb1 aAhuja, Ashvin.10aSpillover effects of a downturn in China's real estate investmenth[electronic resource] /cAshvin Ahuja and Alla Myrvoda. aWashington, D.C. :bInternational Monetary Fund,c2012. a23 p. :bill. 0aIMF working paper ;vWP/12/266 aIncludes bibliographical references. aElectronic reproduction.bPalo Alto, Calif. :cebrary,d2013.nAvailable via World Wide Web.nAccess may be limited to ebrary affiliated libraries. 0aReal estate investmentzChina. 0aFinancial criseszChina. 7aElectronic books.2local1 aMyrvoda, Alla.2 aInternational Monetary Fund.2 aebrary, Inc.40uhttp://site.ebrary.com/lib/rucke/Doc?id=10635354zAn electronic book accessible through the World Wide Web; click to view c46423d46423